Analýza využitia solárnej elektrárne na princípe GRIDFREE v rámci domáceho využitia

Na minha lista:
Detalhes bibliográficos
Autor principal: Kasala, Štefan (Author)
Outros Autores: Šišmišová, Dana (Thesis advisor)
Formato: Manuscrito Livro
Idioma:eslovaco
Publicado em: 2021
Assuntos:
Acesso em linha:http://is.stuba.sk/zp/portal_zp.pl?podrobnosti=150316
Tags: Adicionar Tag
Sem tags, seja o primeiro a adicionar uma tag!

MARC

LEADER 00000ntm a22000003a 4500
001 stuzp84988
003 SK-STU
005 20210717210439.5
007 ta
008 150427s2015----xo-----f-mn---000-0-slo-d
040 |a STU  |b slo 
041 0 |a slo 
100 1 |a Kasala, Štefan  |u 020020  |4 aut  |U SjF Strojnícka fakulta  |T SjF Ústav automatizácie, merania a aplikovanej informatiky  |X 98574  |U J0020  |Y 802  |7 98574 
242 0 1 |a Analysis of the use of a solar power plant based on the GRIDFREE principle in domestic use  |y eng 
245 1 0 |a Analýza využitia solárnej elektrárne na princípe GRIDFREE v rámci domáceho využitia 
260 |c 2021 
650 4 |a fotovoltaický systém  |2 slo 
650 4 |a intenzita slnečného žiarenia  |2 slo 
650 4 |a návratnosť  |2 slo 
650 4 |a on-grid  |2 slo 
650 4 |a VICTRON ENERGY  |2 slo 
650 4 |a return  |2 eng 
650 4 |a on-grid  |2 eng 
650 4 |a VICTRON ENERGY  |2 eng 
650 4 |a solar radiation intensity  |2 eng 
650 4 |a photovoltaic system  |2 eng 
700 1 |a Šišmišová, Dana  |u 020020  |k Z2  |4 ths  |U SjF Strojnícka fakulta  |T SjF Ústav automatizácie, merania a aplikovanej informatiky  |X 14613  |U J0020  |Y 802  |7 A000014613 
856 4 |u http://is.stuba.sk/zp/portal_zp.pl?podrobnosti=150316